000 00560nam a2200181Ia 4500
008 151018s9999 xx 000 0 und d
082 _bRBASDV60867
_a891.463
100 _aलीला गोळे
245 _aजीवन साफल्य
250 _b1
260 _bमनोरमा प्रकाशन मुंबई
_c2013
300 _a168
600 _aलीला गोळे
630 _aजीवन साफल्य
700 _aलीला गोळे
730 _aजीवन साफल्य
942 _cBOOK
999 _c1054368
_d1054365